| 000 | 01106nam a2200277 4500 | ||
|---|---|---|---|
| 001 | 83 | ||
| 003 | OSt | ||
| 005 | 20250207104354.0 | ||
| 008 | 250123b |||||||e |||| 00| 0 eng d | ||
| 040 | _bpor | ||
| 041 |
_hfre _apor |
||
| 082 |
_a920 _bB963u |
||
| 100 |
_aBurnat, Jean _d1918-1977 _9197 |
||
| 240 | _aLeur dernière tzarina | ||
| 245 |
_aA última Czarina / _cBurnat, Jean ; Tradução de Neil R. da Silva |
||
| 260 |
_aBelo Horizonte _bItatiaia _c1960 |
||
| 300 | _a300 p. | ||
| 520 | _aNão obstante, todos os esforços que empregou na sua busca à felicidade, Alexandra Feodorovna, a última Czarina, terá sido, sem dúvida, uma das figuras mais infelizes da história do mundo nestes últimos cem anos e também — por que não dizer? — intérprete de um dos mais importantes papéis no drama que a humanidade viveu a partir da segunda metade do século XIX. | ||
| 650 | 0 |
_aLiteratura francesa _9122 |
|
| 650 | 0 |
_aPolitica _9138 |
|
| 650 | 0 |
_aHistória _9116 |
|
| 650 | 0 |
_aFatos Reais _933 |
|
| 655 | 0 |
_aBiografia _936 |
|
| 700 |
_aNeil R. da Silva _eTradutor _9198 |
||
| 942 |
_2ddc _n0 _cBK |
||
| 999 |
_c83 _d83 |
||